Vděk /

Temnota na dluhy nezapomíná. Závěrečný díl upíří ságy.

Uloženo v:
Série:Touha, část 6
Hlavní autor: Wolff, Tracy (Autor)
Další autoři: Vítková, Kristýna (Autor), Netušilová, Hana (Překladatel)
Médium: Kniha
Jazyk:Czech
Vydáno: V Praze : Fragment, 2026
Vydání:1. vydání
Témata:
Celkem bylo vypůjčeno:0x
Příbuzné jednotky:Z cyklu:: Touha
Tagy:
Žádné tagy
LEADER 02536nam a2200529 i 4500
001 106356
003 CZ PrNK
005 20260514103921.0
007 ta
008 260430s2026 xr d 000 f cze
015 |a cnb003752130 
020 |a 9788025377543  |q (brožováno) :  |c Kč 569,00 
040 |a ABG001  |b cze  |e rda 
041 1 |a cze  |h eng 
072 7 |a 821.111(73)-3  |x Americká próza  |2 Konspekt  |9 25 
072 7 |a 821-93  |x Literatura pro děti a mládež (beletrie)  |2 Konspekt  |9 26 
080 |a 821.111(73)-31  |2 MRF 
080 |a 821-93-053.67  |2 MRF 
080 |a 821-93  |2 MRF 
080 |a (0:82-312.9)  |2 MRF 
100 1 |a Wolff, Tracy  |7 xx0301974  |4 aut  |9 114334 
240 1 0 |a Cherish.  |l Česky 
245 1 0 |a Vděk /  |c Tracy Wolffová ; přeložily Kristýna Vítková a Hana Netušilová 
250 |a 1. vydání 
264 1 |a V Praze :  |b Fragment,  |c 2026 
300 |a 516 stran ;  |c 21 cm 
336 |a text  |b txt  |2 rdacontent 
337 |a bez média  |b n  |2 rdamedia 
338 |a svazek  |b nc  |2 rdacarrier 
500 |a Přeloženo z angličtiny 
520 2 |a Temnota na dluhy nezapomíná. Závěrečný díl upíří ságy.  |b Od chvíle, kdy jsme porazili Cyruse, uběhly tři klidné měsíce. Teď se zase všechno hroutí. Kruh se rozpadá, ve stínech roste nová hrozba a já nemám na výběr. Musím se vrátit do Říše stínů, postavit se děsivé královně a uzavřít s ní dohodu. Je to jediná cesta, jak zachránit Mekhiho. Naštěstí se mnou půjdou přátelé i Hudson. Jenže s ním není něco v pořádku. Vím, že náš osud visí na vlásku, a je to moje vina. Dlužím Jaze laskavost... a ona si ji přišla vybrat. Jak moc za to zaplatím? Nakladatelská anotace. 
655 7 |a americké romány  |7 fd131796  |2 czenas  |9 53403 
655 7 |a fantasy romány  |7 fd184199  |2 czenas  |9 54250 
655 7 |a literatura young adult  |7 fd1185572  |2 czenas  |9 114939 
655 7 |a publikace pro mládež  |7 fd133157  |2 czenas  |9 110 
655 9 |a American fiction  |2 eczenas 
655 9 |a fantasy novels  |2 eczenas 
655 9 |a young adult literature  |2 eczenas 
655 9 |a juvenile literature  |2 eczenas 
700 1 |a Vítková, Kristýna  |7 xx0178725  |4 trl  |9 25911 
700 1 |a Netušilová, Hana  |7 xx0179908  |4 trl  |9 25910 
710 2 |a Fragment (nakladatelství)  |7 ko2004244768  |4 pbl  |9 117176 
787 0 8 |i Z cyklu:  |t Touha  |g 6 
910 |a UOG502 
942 |2 ddc  |c KN 
999 |d 106356 
993 |0 0  |1 421180107077  |2 ddc  |4 0  |7 0  |9 99739  |b 0  |c 107077  |d 2026-05-14  |e 0  |f DOSP  |h 569.00  |i Koupě  |l DOSP  |r 2026-05-14  |t 6  |w 2026-05-14  |y KN  |z BELETM  |n